000 01725nam0a2200289 4500
001 RU\NLR\bibl\483018
005 20260405153053.0
035 _a(NLR Aleph) 000475791
090 _a1022346
_c1022346
100 _a20040123d2002 |||y0rusy50 ca
101 0 _arus
102 _aRU
105 _aa |||||||||
200 1 _aСовременные миграционные процессы на Северном Кавказе: проблемы интеграции и повышения уровня толерантности
_eМатериалы регион. науч.-практ. конф., (29-30 мая 2002 г.)
_f[Под общ. ред. Ефимова Ю.Г. и Забелина В.М.]
210 _aСтаврополь
_cСГАУ
_d2002
215 _a265 с.
_cил.
_d21
300 _aВ надзаг.: Ставропол. краевой обществ. фонд развития деловой культуры, поддержки инноваций и культ. инициатив "Содействие-Юг", Ставропол. гос. аграр. ун-т. Каф. политологии и социологии
320 _aБиблиогр. в конце докл.
606 0 _aНаселение
_jСъезды, совещания и т.п.
_xМиграция
_yКавказ Северный
_92309877
_3RU\NLR\auth\661382467
686 _aС73(2Р37)74-25я431
702 1 _4340
_7ca
_8rus
_aЕфимов
_bЮ. Г.
_cд-р полит. наук
_gЮрий Германович
_947032
_3RU\NLR\auth\7764103
801 0 _aRU
_bNLR
_c20040123
_gPSBO
801 1 _aRU
_bNLR
_c20040123
830 _aред. по ЭК
942 _cBOOK
980 _aNB